00000000nas##2200000za#4500
0019.509376
003CaOODSP
00520201118084411
007ta
008150406c1999||||xxc|| m #||||f|   |0eng|d
040 |aCaOODSP|beng
041 |aeng
041 |afre
043 |an-cn---
0861 |aH113-2
1101 |aCanada. |bPest Management Regulatory Agency.
24510|aFact sheet
260 |aOttawa - Ontario : |bHealth Canada.
546 |aBilingual
563 |aSoftcover
792 |tFiche technique |efre|w(CaOODSP)9.509377